000 01192nas a2200325 4500
001 BR8301341
003 BR-BrBNA
005 20231205085456.0
007 ta
008 230509b bl.|||p| |||| 00| 00por d
040 _aBR-BrBNA
_bpor
_cBiblioteca Nacional de Agricultura
041 _a(Pt)
072 _aH60
100 1 _aVinha, S.G. da
100 1 _aPereira, R.C.
100 1 _aMuller, M.W.
111 1 _a14. Congresso Brasileiro de Herbicidas e Ervas Daninhas; 6. Congresso de la Asociacion Latinoamericana de Malezas
_cCampinas, SP (Brazil)
_d2 Aug 1982
245 1 _aEfeito do controle de plantas invasoras sobre uma vegetacao na area do CEPEC [Centro de Pesquisas do Cacau, Bahia, Brasil]
246 1 _aEffect of weed control of a vegetation at the CEPEC area [Cocoa Research Center, Bahia, Brazil]
650 _aERVA DANINHA
650 _aCACAU
650 _aESTRUTURA VEGETAL
650 _aBIOMASSA
650 _aANALISE FOLIAR
650 _aBAHIA
773 0 _tRevista Theobroma (Brazil)
_xISSN 0370-7962
_g(Jul 1982), v. 12(3) p. 123-134
_wBR8301341
856 4 0 _dLink DSPACE/MAPA BR8301341
909 _a202311
_bLúcia
_c55
_dLúcia Elande
942 _2AGRIS
_n0
_cANA
999 _c111681
_d111681